000 00284nam a22001217a 4500
008 260424b |||||||| |||| 00| 0 eng d
082 _a001351
100 _aShastri, Dharadatta
245 _aNala Champu
260 _aDelhi
_bMotilal Banarasidass
_c1976
300 _a176p
942 _2ddc
999 _c1331
_d1331